000 00890naa a2200265 c 4500
001 40605
003 ES-MaCES
005 20100907122700.0
008 100907n2010 sp t 000 | spa d
035 _aCES20100009436v
040 _aES-MaCES
_bspa
_cES-MaCES
100 1 _aSáez Lara, Carmen
_922993
245 1 3 _aLa concurrencia de convenios colectivos
_cCarmen Sáez Lara
650 4 _aEstatuto de los Trabajadores
_930784
650 4 _alegislación del trabajo
_927166
650 4 _aderechos económicos y sociales
_929875
650 4 _aconvenio colectivo
_928361
650 4 _acondiciones de trabajo
_928327
650 4 _atrabajador
_928414
653 1 0 _aJurisprudencia
773 0 _tAnuario de relaciones laborales en España 2010
_gp. 593-604
_w(ES-MaCES)23175
902 _aARL Artículo de libro
942 _2CES
_cAR
_h6.2.
999 _c40605
_d40605